LEADER 01311nam--2200409---450- 001 990000367370203316 035 $a0036737 035 $aUSA010036737 035 $a(ALEPH)000036737USA01 035 $a0036737 100 $a20010320d1971----km-y0itay0103----ba 101 $aeng 102 $aGB 105 $a||||||||001yy 200 1 $aTime-sharing systems$fG.M. Bull and S.F.G. Packham 210 $aLondon$cMc Graw Hill$d1971 215 $aX, 139 p.$cill.$d23 cm 225 1 $aEuropean computer science series 410 $12001$aEuropean computer science series 676 $a001.64404 700 1$aBULL,$bG.M.$0464361 701 1$aPACKHAM,$bS.F.G.$0543854 801 0$aIT$bsalbc$gISBD 912 $a990000367370203316 951 $a001.644 04 BUL A$b0003918 CBS$c001.644 04$d00106096 951 $a001.644 04 BUL B$b0003919 CBS$c001.644 04$d00106097 951 $a001.644 04 BUL C$b0003920 CBS$c001.644 04$d00106098 959 $aBK 969 $aSCI 979 $aPATTY$b90$c20010321$lUSA01$h1130 979 $aPATTY$b90$c20010321$lUSA01$h1220 979 $aPATTY$b90$c20010321$lUSA01$h1222 979 $aALANDI$b90$c20010516$lUSA01$h1032 979 $c20020403$lUSA01$h1644 979 $aPATRY$b90$c20040406$lUSA01$h1625 996 $aTime-sharing systems$9877280 997 $aUNISA LEADER 02062nam0 22004093i 450 001 CUB0690879 005 20251003044152.0 020 $aIT$b1889 10198 090 $a291002 100 $a19980305d1889 ||||0itac50 ba 101 | $aita 102 $ait 181 1$6z01$ai $bxxxe 182 1$6z01$ay 200 1 $aGuida amministrativa, ossia Commento della legge comunale e provinciale, testo unico 10 febbraio 1889, n. 5921, e del regolamento per l'esecuzione della legge medesima, approvato con Regio Decreto 10 giugno 1889, n. 6107, con riferimento a tutte le altre leggi amministrative$fcompilazione di Astengo Carlo... [et al.] 210 $aRoma$cCecchini$d1889 215 $a1712 p.$d31 cm. 314 $a1835-1917 // Senatore, avvocato e giureconsulto$9SBLV222330 314 $a1835-1917 // Senatore, avvocato e giureconsulto$9SBLV222330 517 1 $aCommento della legge comunale e provinciale.$9MIL0636982 606 $aENTI LOCALI$xGuide amministrative$xSec. 19.$2FIR$3NAPC092841$9I 676 $a352$9AMMINISTRAZIONI LOCALI$v20 676 $a352.140945$9AMMINISTRAZIONE LOCALE. ITALIA$v21 700 1$aAstengo$b, Carlo$f <1835-1917>$3SBLV222330 700 1$aAstengo$b, Carlo$f <1835-1917>$3SBLV222330$4070 801 3$aIT$bIT-000000$c19980305 850 $aIT-BN0095 $aIT-SA0251 $aIT-NA0079 $aIT-NA0660 $aIT-NA0097 901 $bNAP 01$cV $n$ 901 $bNAP 82$cBIBL.ARCH.$n$ 901 $bNAP BN$cV.F. $nLa consegna dei documenti è effettuata dall'Ufficio Distribuzione 901 $bNAP SP$cCONS $nSALA CONSULTAZIONE 901 $bNAP PC$cLEGGI $nRaccoglie leggi, bollettini e decreti ordinati per stati e regni 912 $aCUB0690879 950 0$aBiblioteca Centralizzata di Ateneo$c1 v.$d 01V (S) 1 002$e 01S 0090010025 VMF 1 v.$fB $h20140605$i20140605 977 $a 01$a 82$a BN$a PC$a SP 996 $aGuida amministrativa$91212284 997 $aUNISANNIO